Normal view MARC view
  • CAD-PROGRAMMING LANGUAGE CAD SOFTWARE CAD-CA

Entry Topical Term

Number of records used in: 1

001 - CONTROL NUMBER

  • control field: 63124

003 - CONTROL NUMBER IDENTIFIER

  • control field: NUST

005 - DATE AND TIME OF LATEST TRANSACTION

  • control field: 20210628203050.0

008 - FIXED-LENGTH DATA ELEMENTS

  • fixed length control field: 210628|| aca||aabn | a|a d

040 ## - CATALOGING SOURCE

  • Original cataloging agency: NUST
  • Transcribing agency: NUST

150 ## - HEADING--TOPICAL TERM

  • Topical term or geographic name entry element: CAD-PROGRAMMING LANGUAGE CAD SOFTWARE CAD-CA

670 ## - SOURCE DATA FOUND

  • Source citation: Work cat.: (NUST): Krishnamoorthy, C. S , Rajeev, S 63123, Computer aided design , software and analytical tools, 1991
© 2023 Central Library, National University of Sciences and Technology. All Rights Reserved.